000 00330nam a2200145Ia 4500
005 20251222140036.0
008 251222s1900||||xx |||||||||||||| ||spa||
020 _a848460246X
082 _a170/R78
100 _aRojas Montes, Enrique
245 0 _aEl Hombre Light:
250 _a2a.ed.
264 _bTemas de Hoy
942 _cLIB
999 _c3120
_d3120